[Event "GER-chT Betriebe 18th"]
[Site "Altenberg Zinnwald"]
[Date "2018.11.09"]
[Round "3.3"]
[White "Leveikina, Jevgenija"]
[Black "Brauer, Frank"]
[Result "1-0"]
[WhiteElo "2110"]
[BlackElo "1791"]
[PlyCount "135"]
[EventDate "2018.11.08"]
[EventType "team-swiss"]
[EventRounds "7"]
[EventCountry "GER"]
[SourceTitle "EXT 2020"]
[Source "ChessBase"]
[SourceDate "2019.10.17"]
[SourceVersion "1"]
[SourceVersionDate "2019.10.17"]
[SourceQuality "1"]
[WhiteTeam "Herne Wanne Eickel EKJ"]
[BlackTeam "Frankfurt Commerzbank"]
[WhiteTeamCountry "GER"]
[BlackTeamCountry "GER"]

1. d4 Nf6 2. Nf3 d5 3. c4 e6 4. cxd5 exd5 5. Nc3 Be7 6. Bf4 0-0 7. e3 Bf5 8. Bd3 Bxd3 9. Qxd3 c6 10. 0-0 Nbd7 11. a3 Re8 12. b4 a6 13. Nd2 Nh5 14. Bg3 Nxg3 15. hxg3 Qc7 16. Rfc1 Qb8 17. Rab1 Bd6 18. Ne2 Nf6 19. Qf5 Qc8 20. Qxc8 Raxc8 21. Nc3 g6 22. Nb3 Rc7 23. Nc5 Bxc5 24. bxc5 Ree7 25. Rc2 Ne8 26. Rcb2 Ng7 27. Ne2 Ne6 28. Nc1 f6 29. Nb3 Kf7 30. Na5 Nd8 31. Kf1 h5 32. Ke2 Ke6 33. Kd3 Kf5 34. Nb3 Nf7 35. Nd2 Kg4 36. Rh1 Kf5 37. Nf3 Nh8 38. Rb4 Rh7 39. Rhb1 g5 40. Nd2 Rhe7 41. f3 Rcd7 42. Rh1 Kg6 43. Rhb1 Nf7 44. Nb3 Kf5 45. Na5 Nd8 46. Rb6 Rc7 47. Nb3 Nf7 48. Nd2 Rcd7 49. Rh1 Kg6 50. Re1 Kf5 51. Nb1 Nd8 52. Nc3 Nf7 53. Rb2 Re8 54. Nd1 Re6 55. Nf2 Kg6 56. Rb3 Ree7 57. Kd2 f5 58. Nd3 Re8 59. f4 Kf6 60. Rh1 Rh8 61. Rb6 Kg6 62. Rhb1 h4 63. gxh4 Rxh4 64. Rxb7 Rxb7 65. Rxb7 Rh2 66. fxg5 Rxg2+ 67. Kc3 Ra2 68. Nf4+ 1-0

[Event "Leipzig VfB op 25th"]
[Site "Leipzig"]
[Date "2018.03.22"]
[Round "5"]
[White "Neumann, Guido"]
[Black "Brauer, Frank"]
[Result "0-1"]
[WhiteElo "1644"]
[BlackElo "1821"]
[PlyCount "90"]
[EventDate "2018.03.20"]
[EventType "swiss"]
[EventRounds "9"]
[EventCountry "GER"]
[SourceTitle "CBM 183 Extra"]
[Source "ChessBase"]
[SourceDate "2018.04.19"]
[SourceVersion "1"]
[SourceVersionDate "2018.04.19"]
[SourceQuality "1"]

1. c4 Nf6 2. Nc3 c5 3. Nf3 Nc6 4. d4 cxd4 5. Nxd4 d6 6. Nc2 g6 7. e3 Bg7 8. Be2 0-0 9. 0-0 Bf5 10. Bd3 Bxd3 11. Qxd3 Ne5 12. Qe2 Rc8 13. b3 Ned7 14. Nd4 a6 15. Bb2 Nb6 16. Rfd1 Qc7 17. Rac1 Qc5 18. Qd3 d5 19. cxd5 Nfxd5 20. Ne4 Qa5 21. a3 Rxc1 22. Rxc1 Rc8 23. b4 Qa4 24. Nc5 Qe8 25. Nxb7 Na4 26. Qd2 Nxb2 27. Qxb2 e5 28. Nb3 Qd7 29. Rxc8+ Qxc8 30. N7c5 Qc6 31. e4 Nf4 32. Qd2 Ne6 33. Qd5 Qc7 34. g3 Nxc5 35. Nxc5 a5 36. Qb7 Qd8 37. Kg2 axb4 38. axb4 Bf8 39. Na6 Bd6 40. b5 Qa5 41. b6 Qa4 42. f3 Qd1 43. Qc8+ Kg7 44. Nc7 Qe2+ 45. Kh3 Qf1+ 0-1

[Event "Leipzig VfB op 25th"]
[Site "Leipzig"]
[Date "2018.03.22"]
[Round "4"]
[White "Paulini, Stefan"]
[Black "Brauer, Frank"]
[Result "1-0"]
[WhiteElo "1709"]
[BlackElo "1821"]
[PlyCount "53"]
[EventDate "2018.03.20"]
[EventType "swiss"]
[EventRounds "9"]
[EventCountry "GER"]
[SourceTitle "CBM 183 Extra"]
[Source "ChessBase"]
[SourceDate "2018.04.19"]
[SourceVersion "1"]
[SourceVersionDate "2018.04.19"]
[SourceQuality "1"]

1. e4 e5 2. Nf3 Nc6 3. Bc4 Bc5 4. c3 Nf6 5. d4 exd4 6. cxd4 Bb4+ 7. Nc3 Nxe4 8. 0-0 Bxc3 9. d5 Ne5 10. Nxe5 Bxe5 11. Re1 0-0 12. Rxe4 d6 13. Bd3 f5 14. Rc4 b5 15. Rb4 a6 16. Qc2 g6 17. Bh6 Rf7 18. Rc1 Bb7 19. Qd2 Bxd5 20. Bxb5 Be6 21. Bc6 Rb8 22. Bg5 Bf6 23. Bxf6 Rxf6 24. Qd4 Rf8 25. Rxb8 Qxb8 26. Re1 Kf7 27. Rxe6 1-0

[Event "Leipzig VfB op 25th"]
[Site "Leipzig"]
[Date "2018.03.21"]
[Round "3"]
[White "Brauer, Frank"]
[Black "Valtin, Georg"]
[Result "1/2-1/2"]
[WhiteElo "1821"]
[BlackElo "1619"]
[PlyCount "29"]
[EventDate "2018.03.20"]
[EventType "swiss"]
[EventRounds "9"]
[EventCountry "GER"]
[SourceTitle "CBM 183 Extra"]
[Source "ChessBase"]
[SourceDate "2018.04.19"]
[SourceVersion "1"]
[SourceVersionDate "2018.04.19"]
[SourceQuality "1"]

1. e4 d6 2. d4 Nf6 3. Nc3 e5 4. dxe5 dxe5 5. Qxd8+ Kxd8 6. Bg5 Be6 7. Nf3 Bd6 8. 0-0-0 Nbd7 9. Bb5 Kc8 10. a3 a6 11. Be2 Ng4 12. Bh4 f6 13. h3 Nh6 14. g4 Nf7 15. Nd2 1/2-1/2

[Event "GER-chT Betriebe 17th"]
[Site "Berlin"]
[Date "2017.11.04"]
[Round "5.4"]
[White "Schirmag, Wolfgang"]
[Black "Brauer, Frank"]
[Result "1/2-1/2"]
[WhiteElo "1629"]
[BlackElo "1815"]
[PlyCount "42"]
[EventDate "2017.11.02"]
[EventType "team-swiss"]
[EventRounds "7"]
[EventCountry "GER"]
[SourceTitle "EXT 2020"]
[Source "ChessBase"]
[SourceDate "2019.10.17"]
[SourceVersion "1"]
[SourceVersionDate "2019.10.17"]
[SourceQuality "1"]
[WhiteTeam "Berlin Vattenfall"]
[BlackTeam "Frankfurt Commerzbank"]
[WhiteTeamCountry "GER"]
[BlackTeamCountry "GER"]

1. d4 Nf6 2. Nf3 d5 3. e3 e6 4. Bd3 c5 5. c3 Nc6 6. Nbd2 cxd4 7. exd4 Bd6 8. 0-0 0-0 9. Re1 Qc7 10. Qe2 Bd7 11. Nf1 h6 12. Ne5 Rfe8 13. Ng3 a6 14. h3 Rad8 15. Nh5 Nxh5 16. Qxh5 Nxe5 17. dxe5 Bf8 18. Qg4 Kh8 19. Qh5 Kg8 20. Qg4 Kh8 21. Qh5 Kg8 1/2-1/2

[Event "GER-chT Betriebe 17th"]
[Site "Berlin"]
[Date "2017.11.03"]
[Round "4.4"]
[White "Brauer, Frank"]
[Black "Selmanaj, Agim"]
[Result "1-0"]
[WhiteElo "1815"]
[BlackElo "1643"]
[PlyCount "45"]
[EventDate "2017.11.02"]
[EventType "team-swiss"]
[EventRounds "7"]
[EventCountry "GER"]
[SourceTitle "EXT 2020"]
[Source "ChessBase"]
[SourceDate "2019.10.17"]
[SourceVersion "1"]
[SourceVersionDate "2019.10.17"]
[SourceQuality "1"]
[WhiteTeam "Frankfurt Commerzbank"]
[BlackTeam "Herne Wanne Eickel EKJ"]
[WhiteTeamCountry "GER"]
[BlackTeamCountry "GER"]

1. e4 g6 2. d4 Bg7 3. f4 e6 4. Nc3 b6 5. Nf3 Bb7 6. Bd3 Ne7 7. Be3 d5 8. e5 Nd7 9. 0-0 0-0 10. Ne2 c5 11. c3 c4 12. Bc2 b5 13. g4 h6 14. Ng3 Bc8 15. f5 exf5 16. gxf5 g5 17. f6 Bxf6 18. exf6 Nxf6 19. Ne5 Kg7 20. Nh5+ Nxh5 21. Qxh5 f6 22. Bxg5 fxg5 23. Rf7+ 1-0

[Event "Eschborn op"]
[Site "Eschborn"]
[Date "2017.10.15"]
[Round "4"]
[White "Brauer, Frank"]
[Black "Chassard, Cedric"]
[Result "1/2-1/2"]
[WhiteElo "1741"]
[BlackElo "1498"]
[PlyCount "49"]
[EventDate "2017.10.13"]
[EventType "swiss"]
[EventRounds "5"]
[EventCountry "GER"]
[SourceTitle "EXT 2019"]
[Source "ChessBase"]
[SourceDate "2018.10.10"]
[SourceVersion "1"]
[SourceVersionDate "2018.10.10"]
[SourceQuality "1"]

1. e4 e5 2. Nf3 Nc6 3. Bb5 a6 4. Bxc6 dxc6 5. 0-0 Bg4 6. h3 Bxf3 7. Qxf3 Qf6 8. Qxf6 Nxf6 9. d3 0-0-0 10. Be3 Nd7 11. Nd2 Bc5 12. Nc4 f6 13. Bxc5 Nxc5 14. f4 exf4 15. Rxf4 Ne6 16. Rf2 Rhe8 17. a4 b6 18. Ne3 c5 19. Nd5 Nd4 20. c3 Nc6 21. b4 cxb4 22. cxb4 Ne7 23. Nxe7+ Rxe7 24. Rf3 Red7 25. Ra3 1/2-1/2

[Event "Eschborn op"]
[Site "Eschborn"]
[Date "2017.10.15"]
[Round "5"]
[White "Ross, Heinrich"]
[Black "Brauer, Frank"]
[Result "1/2-1/2"]
[WhiteElo "1443"]
[BlackElo "1741"]
[PlyCount "61"]
[EventDate "2017.10.13"]
[EventType "swiss"]
[EventRounds "5"]
[EventCountry "GER"]
[SourceTitle "EXT 2019"]
[Source "ChessBase"]
[SourceDate "2018.10.10"]
[SourceVersion "1"]
[SourceVersionDate "2018.10.10"]
[SourceQuality "1"]

1. e4 e5 2. Nf3 Nc6 3. Bc4 Bc5 4. 0-0 Nf6 5. Nc3 0-0 6. d3 d6 7. h3 h6 8. a3 a6 9. Ne2 d5 10. exd5 Nxd5 11. b4 Ba7 12. Bb2 f6 13. Ng3 Be6 14. c3 Qd7 15. d4 exd4 16. cxd4 Bf7 17. Qb3 b5 18. Bxd5 Bxd5 19. Qe3 Rfe8 20. Qf4 Rad8 21. Rac1 Bb6 22. Nh5 Qf7 23. Ng3 Bxf3 24. gxf3 Nxd4 25. Rcd1 Ne6 26. Qg4 Rxd1 27. Rxd1 Rd8 28. Rxd8+ Nxd8 29. Nh5 Kh7 30. Qf5+ Qg6+ 31. Qxg6+ 1/2-1/2

[Event "Eschborn op"]
[Site "Eschborn"]
[Date "2017.10.14"]
[Round "2"]
[White "Brauer, Frank"]
[Black "Tremoehlen, Thomas"]
[Result "1/2-1/2"]
[WhiteElo "1741"]
[BlackElo "1935"]
[PlyCount "31"]
[EventDate "2017.10.13"]
[EventType "swiss"]
[EventRounds "5"]
[EventCountry "GER"]
[SourceTitle "EXT 2019"]
[Source "ChessBase"]
[SourceDate "2018.10.10"]
[SourceVersion "1"]
[SourceVersionDate "2018.10.10"]
[SourceQuality "1"]

1. e4 c5 2. c3 e6 3. d4 d5 4. exd5 exd5 5. Nf3 a6 6. Be2 Nc6 7. 0-0 Bd6 8. Be3 c4 9. a4 Bf5 10. Nbd2 Nge7 11. b3 b5 12. axb5 axb5 13. Qc1 0-0 14. Qb2 Qc7 15. Ra2 Rxa2 16. Qxa2 1/2-1/2

[Event "GER-chT Betriebe 15th"]
[Site "Munich"]
[Date "2015.10.25"]
[Round "7.3"]
[White "Buchholz, Robert"]
[Black "Brauer, Frank"]
[Result "1-0"]
[WhiteElo "1990"]
[BlackElo "1861"]
[PlyCount "123"]
[EventDate "2015.10.22"]
[EventType "team-swiss"]
[EventRounds "7"]
[EventCountry "GER"]
[SourceTitle "EXT 2020"]
[Source "ChessBase"]
[SourceDate "2019.10.17"]
[SourceVersion "1"]
[SourceVersionDate "2019.10.17"]
[SourceQuality "1"]
[WhiteTeam "Hamburg Baubehoerde"]
[BlackTeam "Frankfurt Commerzbank"]
[WhiteTeamCountry "GER"]
[BlackTeamCountry "GER"]

1. d4 Nf6 2. c4 c5 3. d5 b5 4. cxb5 a6 5. bxa6 g6 6. Nc3 Bxa6 7. g3 d6 8. Bg2 Bg7 9. Nf3 0-0 10. 0-0 Nbd7 11. h3 Qa5 12. Re1 Rfb8 13. Qc2 Ne8 14. Bd2 Ne5 15. Nxe5 Bxe5 16. f4 Bg7 17. e4 Bd4+ 18. Kh2 Ra7 19. e5 Rab7 20. Nd1 Qb5 21. Bc3 Bxc3 22. Qxc3 Qd3 23. b3 c4 24. Qxd3 cxd3 25. Nb2 Rb4 26. Red1 Rd4 27. Rd2 Nc7 28. exd6 exd6 29. Rad1 Nxd5 30. Bxd5 Rxd5 31. Nxd3 Rxd3 32. Rxd3 Bxd3 33. Rxd3 Rc8 34. a4 Rc2+ 35. Kg1 Rb2 36. a5 d5 37. a6 Ra2 38. Rxd5 Rxa6 39. Kf2 Ra2+ 40. Ke3 Rb2 41. Rd3 Rh2 42. h4 Rb2 43. Kd4 h6 44. Kc5 Rc2+ 45. Kb5 Rb2 46. b4 Kg7 47. Kc5 Rc2+ 48. Kb6 g5 49. fxg5 hxg5 50. hxg5 Kg6 51. Rf3 Rc4 52. b5 Rg4 53. Kc6 Rc4+ 54. Kd6 Rb4 55. Kc5 Rb1 56. b6 Kxg5 57. Rxf7 Kg4 58. b7 Kxg3 59. Kc6 Rc1+ 60. Kd7 Rd1+ 61. Kc8 Rc1+ 62. Rc7 1-0

[Event "GER-chT Betriebe 15th"]
[Site "Munich"]
[Date "2015.10.24"]
[Round "5.3"]
[White "Czap, Bernard"]
[Black "Brauer, Frank"]
[Result "1/2-1/2"]
[WhiteElo "2073"]
[BlackElo "1861"]
[PlyCount "88"]
[EventDate "2015.10.22"]
[EventType "team-swiss"]
[EventRounds "7"]
[EventCountry "GER"]
[SourceTitle "EXT 2020"]
[Source "ChessBase"]
[SourceDate "2019.10.17"]
[SourceVersion "1"]
[SourceVersionDate "2019.10.17"]
[SourceQuality "1"]
[WhiteTeam "Berlin Osram"]
[BlackTeam "Frankfurt Commerzbank"]
[WhiteTeamCountry "GER"]
[BlackTeamCountry "GER"]

1. Nf3 Nf6 2. c4 c5 3. g3 Nc6 4. Bg2 e6 5. 0-0 Be7 6. b3 0-0 7. Bb2 d5 8. e3 Qb6 9. Na3 d4 10. exd4 cxd4 11. Re1 a6 12. Nc2 Bc5 13. d3 Re8 14. b4 Nxb4 15. Nxb4 Qxb4 16. Bxd4 Bxd4 17. Nxd4 Qd6 18. Nb3 Rb8 19. c5 Qc7 20. d4 Bd7 21. Nd2 Bc6 22. Nc4 Bxg2 23. Kxg2 Nd7 24. Nd6 Rf8 25. Rc1 b6 26. Qc2 bxc5 27. dxc5 Nf6 28. Qe2 Qc6+ 29. Qf3 Nd5 30. Re2 Nb4 31. Qxc6 Nxc6 32. Rd2 Rfd8 33. Rcd1 Kf8 34. h4 h5 35. Kf1 g6 36. Ke2 Ke7 37. Kf1 Kf8 38. Rd3 Ke7 39. Rf3 f6 40. Re1 Rb2 41. Ra3 a5 42. Re2 Rb1+ 43. Re1 Rb2 44. Re2 Rb1+ 1/2-1/2

[Event "GER-chT Betriebe 15th"]
[Site "Munich"]
[Date "2015.10.23"]
[Round "6.4"]
[White "Riess, Bernhard"]
[Black "Brauer, Frank"]
[Result "0-1"]
[WhiteElo "1574"]
[BlackElo "1861"]
[PlyCount "60"]
[EventDate "2015.10.22"]
[EventType "team-swiss"]
[EventRounds "7"]
[EventCountry "GER"]
[SourceTitle "EXT 2020"]
[Source "ChessBase"]
[SourceDate "2019.10.17"]
[SourceVersion "1"]
[SourceVersionDate "2019.10.17"]
[SourceQuality "1"]
[WhiteTeam "Berlin Osram"]
[BlackTeam "Frankfurt Commerzbank"]
[WhiteTeamCountry "GER"]
[BlackTeamCountry "GER"]

1. d4 Nf6 2. c4 c5 3. d5 b5 4. cxb5 a6 5. bxa6 g6 6. Nc3 Bxa6 7. g3 d6 8. Bg2 Bg7 9. Nf3 0-0 10. 0-0 Nbd7 11. Re1 Qa5 12. e4 Ng4 13. h3 Nge5 14. Nxe5 Nxe5 15. Bf1 Rfb8 16. f4 Nd7 17. Be3 Rxb2 18. Ne2 Qb4 19. Rb1 Qxe4 20. Bf2 Rxb1 21. Qxb1 Qxb1 22. Rxb1 Bxe2 23. Bxe2 Rxa2 24. Bb5 Nf6 25. Rb3 Ne4 26. Rf3 Nxf2 27. Bc4 Rb2 28. Ra3 Bd4 29. Ra8+ Kg7 30. Kg2 Ne4+ 0-1

[Event "GER-chT Betriebe 14th"]
[Site "Dresden"]
[Date "2014.11.21"]
[Round "4.4"]
[White "Brauer, Frank"]
[Black "Rohne, Lars"]
[Result "0-1"]
[WhiteElo "1883"]
[BlackElo "2152"]
[PlyCount "107"]
[EventDate "2014.11.20"]
[EventType "team-swiss"]
[EventRounds "7"]
[EventCountry "GER"]
[SourceTitle "EXT 2020"]
[Source "ChessBase"]
[SourceDate "2019.10.17"]
[SourceVersion "1"]
[SourceVersionDate "2019.10.17"]
[SourceQuality "1"]
[WhiteTeam "Frankfurt Commerzbank"]
[BlackTeam "Leipzig Publishing Services"]
[WhiteTeamCountry "GER"]
[BlackTeamCountry "GER"]

1. e4 d6 2. d4 Nf6 3. Nc3 c6 4. f4 Qa5 5. Bd3 e5 6. dxe5 dxe5 7. fxe5 Ng4 8. Nf3 Nxe5 9. Nxe5 Qxe5 10. 0-0 Bd6 11. Bf4 Qc5+ 12. Kh1 Bxf4 13. Rxf4 Nd7 14. a3 Ne5 15. Qg1 Qxg1+ 16. Kxg1 Be6 17. Rff1 0-0-0 18. Rfd1 Bc4 19. Be2 Bxe2 20. Nxe2 Nc4 21. b3 Ne3 22. Rxd8+ Rxd8 23. c4 Rd2 24. Kf2 Nxg2 25. Rg1 Nf4 26. Ke3 Rxe2+ 27. Kxf4 g6 28. h3 Kd7 29. Rd1+ Ke7 30. Rd3 Rf2+ 31. Kg3 Rf1 32. c5 f5 33. exf5 Rxf5 34. b4 a5 35. Re3+ Kd7 36. Rd3+ Kc7 37. Re3 axb4 38. axb4 Rd5 39. Re7+ Rd7 40. Re4 Kd8 41. Kg4 Re7 42. Rf4 Ke8 43. Kg5 Re5+ 44. Kf6 Rh5 45. h4 Kf8 46. Rd4 Rf5+ 47. Ke6 Ke8 48. Rd7 Re5+ 49. Kxe5 Kxd7 50. Kf6 Ke8 51. Kg7 Ke7 52. Kxh7 Kf7 53. Kh6 Kf6 54. Kh7 0-1

[Event "GER-chT Betriebe 14th"]
[Site "Dresden"]
[Date "2014.11.21"]
[Round "3.4"]
[White "Obermeier, Karlheinz"]
[Black "Brauer, Frank"]
[Result "1/2-1/2"]
[WhiteElo "1553"]
[BlackElo "1883"]
[PlyCount "83"]
[EventDate "2014.11.20"]
[EventType "team-swiss"]
[EventRounds "7"]
[EventCountry "GER"]
[SourceTitle "EXT 2020"]
[Source "ChessBase"]
[SourceDate "2019.10.17"]
[SourceVersion "1"]
[SourceVersionDate "2019.10.17"]
[SourceQuality "1"]
[WhiteTeam "Muenchen ADAC"]
[BlackTeam "Frankfurt Commerzbank"]
[WhiteTeamCountry "GER"]
[BlackTeamCountry "GER"]

1. e4 e5 2. Nf3 Nc6 3. d4 exd4 4. Nxd4 Bc5 5. Nf3 d6 6. Nc3 Bg4 7. Be2 Nge7 8. 0-0 0-0 9. Bg5 h6 10. Bh4 Qd7 11. h3 Be6 12. Nd5 Ng6 13. Bg3 Nce5 14. Nd4 c6 15. Nc3 Ne7 16. Nxe6 Qxe6 17. a3 Rad8 18. Na4 f5 19. exf5 Nxf5 20. Nxc5 dxc5 21. Qe1 Nxg3 22. fxg3 Rxf1+ 23. Qxf1 Rd2 24. Rc1 Qd5 25. Rd1 Qd4+ 26. Kh1 Qe3 27. Rxd2 Qxd2 28. Bc4+ Nxc4 29. Qxc4+ Qd5 30. Qc3 b6 31. Kh2 c4 32. h4 c5 33. Qe3 a6 34. Qe8+ Kh7 35. h5 Qf5 36. Qe2 b5 37. g4 Qd5 38. Qe8 Qd6+ 39. Kh3 Qf6 40. Qe4+ Kh8 41. Qa8+ Kh7 42. Qe4+ 1/2-1/2

[Event "Karl Mala Memorial op-A 17th"]
[Site "Frankfurt"]
[Date "2014.07.31"]
[Round "1"]
[White "Lutz, Klaus Juergen"]
[Black "Brauer, Frank"]
[Result "1-0"]
[WhiteElo "2255"]
[BlackElo "1883"]
[PlyCount "55"]
[EventDate "2014.07.31"]
[EventType "swiss"]
[EventRounds "7"]
[EventCountry "GER"]
[SourceTitle "EXT 2015"]
[Source "ChessBase"]
[SourceDate "2014.11.20"]
[SourceVersion "1"]
[SourceVersionDate "2014.11.20"]
[SourceQuality "1"]

1. e4 e5 2. Nf3 Nc6 3. Bb5 a6 4. Ba4 Nf6 5. 0-0 Nxe4 6. d4 b5 7. Bb3 d5 8. Nxe5 Nxe5 9. dxe5 Be6 10. c3 Bc5 11. Qe2 0-0 12. Be3 Qe7 13. f4 Bxe3+ 14. Qxe3 Qc5 15. Qxc5 Nxc5 16. Bc2 f5 17. Nd2 Ne4 18. Nb3 c6 19. Rfd1 Rfc8 20. Nd4 Kf7 21. g4 g6 22. Bxe4 dxe4 23. gxf5 gxf5 24. Kf2 Rd8 25. Nxc6 Rxd1 26. Rxd1 Bxa2 27. Rd6 Be6 28. Nd8+ 1-0

[Event "Karl Mala Memorial op-A 16th"]
[Site "Frankfurt"]
[Date "2013.07.13"]
[Round "5"]
[White "Brauer, Frank"]
[Black "Schmitt, Lars"]
[Result "1/2-1/2"]
[WhiteElo "1884"]
[BlackElo "1631"]
[PlyCount "33"]
[EventDate "2013.07.11"]
[EventType "swiss"]
[EventRounds "7"]
[EventCountry "GER"]
[SourceTitle "EXT 2014"]
[Source "ChessBase"]
[SourceDate "2013.11.20"]
[SourceVersion "1"]
[SourceVersionDate "2013.11.20"]
[SourceQuality "1"]

1. e4 e6 2. d4 d5 3. exd5 exd5 4. Nf3 Bd6 5. c4 c6 6. Nc3 Ne7 7. cxd5 cxd5 8. Bb5+ Bd7 9. 0-0 Nbc6 10. Re1 0-0 11. Bg5 f6 12. Be3 Bg4 13. h3 Bh5 14. Rc1 Bc7 15. Be2 a6 16. Qb3 Na5 17. Qc2 1/2-1/2

[Event "Karl Mala Memorial op-A 16th"]
[Site "Frankfurt"]
[Date "2013.07.12"]
[Round "3"]
[White "Brauer, Frank"]
[Black "Wiesrecker, Frank"]
[Result "1-0"]
[WhiteElo "1884"]
[BlackElo "1863"]
[PlyCount "53"]
[EventDate "2013.07.11"]
[EventType "swiss"]
[EventRounds "7"]
[EventCountry "GER"]
[SourceTitle "EXT 2014"]
[Source "ChessBase"]
[SourceDate "2013.11.20"]
[SourceVersion "1"]
[SourceVersionDate "2013.11.20"]
[SourceQuality "1"]

1. e4 c6 2. d4 d5 3. exd5 cxd5 4. c4 Nf6 5. Nc3 e6 6. Nf3 Be7 7. c5 0-0 8. Bd3 b6 9. b4 a5 10. Na4 bxc5 11. bxc5 Nc6 12. Bf4 Bd7 13. 0-0 Nh5 14. Be3 g6 15. Nb6 Rb8 16. Bb5 Bf6 17. Qa4 Rxb6 18. cxb6 Qxb6 19. Rab1 Qc7 20. Rfc1 Rc8 21. Rc2 Qb7 22. Rbc1 Nb8 23. Bxd7 Rxc2 24. Qxc2 Nxd7 25. Qc8+ Qxc8 26. Rxc8+ Kg7 27. g4 1-0

[Event "Frankfurt-chA"]
[Site "Frankfurt"]
[Date "2013.05.27"]
[Round "4"]
[White "Brauer, Frank"]
[Black "Klyszcz, Michael"]
[Result "1/2-1/2"]
[WhiteElo "1884"]
[BlackElo "2029"]
[PlyCount "96"]
[EventDate "2013.04.29"]
[EventType "swiss"]
[EventRounds "7"]
[EventCountry "GER"]
[SourceTitle "EXT 2014"]
[Source "ChessBase"]
[SourceDate "2013.11.20"]
[SourceVersion "1"]
[SourceVersionDate "2013.11.20"]
[SourceQuality "1"]

1. e4 d5 2. exd5 Qxd5 3. Nc3 Qa5 4. d4 Nf6 5. Nf3 c6 6. Bd2 Bf5 7. Be2 e6 8. 0-0 Nbd7 9. Re1 Bb4 10. a3 Bxc3 11. Bxc3 Qc7 12. Bd3 Bg4 13. h3 Bh5 14. Be2 Ne4 15. Qd3 Bg6 16. Qe3 Ndf6 17. Bd3 Nd5 18. Qe2 Ndxc3 19. bxc3 Nxc3 20. Qd2 Bxd3 21. Qxd3 Qa5 22. Re5 Nb5 23. c4 Qc3 24. Qxc3 Nxc3 25. Rc1 Na4 26. d5 Nb2 27. Re3 0-0-0 28. Rc2 Na4 29. dxe6 f6 30. Nh4 Rd1+ 31. Kh2 Re8 32. f4 Nb6 33. Nf3 Kd8 34. f5 Re7 35. Rd2+ Rxd2 36. Nxd2 Kc7 37. g4 c5 38. Rd3 a6 39. Kg3 Na4 40. Kf3 b6 41. Ke4 Kc6 42. Rd8 Nc3+ 43. Kd3 Nd1 44. Ke2 Nb2 45. Rf8 Kc7 46. h4 b5 47. cxb5 axb5 48. Ne4 Na4 1/2-1/2

[Event "Thueringer Wald Schach-Cup 14th"]
[Site "Gotha"]
[Date "2012.11.10"]
[Round "6"]
[White "Horatschek, Peter"]
[Black "Brauer, Frank"]
[Result "1/2-1/2"]
[WhiteElo "1850"]
[BlackElo "1890"]
[PlyCount "22"]
[EventDate "2012.11.07"]
[EventType "swiss"]
[EventRounds "7"]
[EventCountry "GER"]
[SourceTitle "EXT 2013"]
[Source "ChessBase"]
[SourceDate "2012.11.22"]
[SourceVersion "1"]
[SourceVersionDate "2012.11.22"]
[SourceQuality "1"]

1. Nf3 Nf6 2. g3 d5 3. d4 e6 4. Bg2 c5 5. c4 Nc6 6. 0-0 Be7 7. cxd5 exd5 8. Nc3 0-0 9. Re1 Bf5 10. Nh4 Be6 11. Nf3 Bf5 1/2-1/2

[Event "Thueringer Wald Schach-Cup 14th"]
[Site "Gotha"]
[Date "2012.11.09"]
[Round "4"]
[White "Schwarz, Ronald"]
[Black "Brauer, Frank"]
[Result "1-0"]
[WhiteElo "1966"]
[BlackElo "1890"]
[PlyCount "57"]
[EventDate "2012.11.07"]
[EventType "swiss"]
[EventRounds "7"]
[EventCountry "GER"]
[SourceTitle "EXT 2013"]
[Source "ChessBase"]
[SourceDate "2012.11.22"]
[SourceVersion "1"]
[SourceVersionDate "2012.11.22"]
[SourceQuality "1"]

1. Nc3 e5 2. Nf3 Nc6 3. d4 exd4 4. Nxd4 Nf6 5. Bg5 Be7 6. Nf5 0-0 7. Nxe7+ Qxe7 8. Nd5 Qe5 9. Nxf6+ gxf6 10. Bc1 d5 11. e3 Bf5 12. Bd3 Nb4 13. a3 Nxd3+ 14. cxd3 d4 15. e4 Bxe4 16. dxe4 Qxe4+ 17. Kf1 Rfe8 18. h4 d3 19. Rh3 d2 20. Bxd2 Rad8 21. Rc1 Rd3 22. Re3 Rxe3 23. Bxe3 Qxh4 24. Kg1 f5 25. Qd7 Qe4 26. Qxc7 a6 27. Qg3+ Kh8 28. Bh6 Rg8 29. Qc3+ 1-0

[Event "Thueringer Wald Schach-Cup 14th"]
[Site "Gotha"]
[Date "2012.11.08"]
[Round "2"]
[White "Stuemer, Paul"]
[Black "Brauer, Frank"]
[Result "1/2-1/2"]
[WhiteElo "2114"]
[BlackElo "1890"]
[PlyCount "77"]
[EventDate "2012.11.07"]
[EventType "swiss"]
[EventRounds "7"]
[EventCountry "GER"]
[SourceTitle "EXT 2013"]
[Source "ChessBase"]
[SourceDate "2012.11.22"]
[SourceVersion "1"]
[SourceVersionDate "2012.11.22"]
[SourceQuality "1"]

1. Nf3 Nf6 2. c4 c5 3. Nc3 Nc6 4. g3 e6 5. e4 e5 6. Bg2 Be7 7. 0-0 0-0 8. Ne1 d6 9. Nc2 Bg4 10. f3 Be6 11. d3 Nd4 12. Ne3 a6 13. f4 Rb8 14. f5 Bd7 15. g4 Ne8 16. Ned5 b5 17. Nxe7+ Qxe7 18. f6 Qe6 19. fxg7 Nxg7 20. Nd5 Ne8 21. h3 Bc6 22. Bg5 f6 23. Bh6 Ng7 24. Qd2 Bxd5 25. exd5 Qe7 26. Be4 Rf7 27. Rf2 f5 28. gxf5 Ngxf5 29. Raf1 Nxh6 30. Qxh6 Rg7+ 31. Kh1 Rd8 32. Rg1 Rxg1+ 33. Kxg1 Kh8 34. Qh5 Rg8+ 35. Kh2 Qg7 36. Rg2 Qe7 37. Rf2 Qg7 38. Rg2 Qe7 39. Rf2 1/2-1/2

[Event "Karl Mala Memorial op 15th"]
[Site "Frankfurt"]
[Date "2012.07.08"]
[Round "6"]
[White "Brauer, Frank"]
[Black "Wachsmann, Dietmar"]
[Result "1/2-1/2"]
[WhiteElo "1890"]
[BlackElo "1614"]
[PlyCount "80"]
[EventDate "2012.07.05"]
[EventType "swiss"]
[EventRounds "7"]
[EventCountry "GER"]
[SourceTitle "CBM 149 Extra"]
[Source "ChessBase"]
[SourceDate "2012.08.24"]
[SourceVersion "1"]
[SourceVersionDate "2012.08.24"]
[SourceQuality "1"]

1. e4 d6 2. d4 Nf6 3. Nc3 Nbd7 4. f4 e5 5. fxe5 dxe5 6. dxe5 Nxe5 7. Qxd8+ Kxd8 8. Bg5 Be7 9. 0-0-0+ Nfd7 10. Bf4 Ng6 11. Bg3 Bg5+ 12. Kb1 c6 13. Bc4 Ke8 14. Nf3 Bf4 15. Bxf4 Nxf4 16. g3 Ng6 17. Rhf1 Nde5 18. Be2 Bg4 19. Nxe5 Nxe5 20. Bxg4 Nxg4 21. Rf4 Ne5 22. Rf2 Rd8 23. Kc1 Ke7 24. b3 Rxd1+ 25. Kxd1 Rd8+ 26. Ke1 Rd4 27. h3 b5 28. a3 a5 29. Ke2 b4 30. axb4 axb4 31. Ke3 c5 32. Nd5+ Kd6 33. Nf4 Rd1 34. Rd2+ Rxd2 35. Kxd2 Nf3+ 36. Ke3 Nd4 37. Kd3 Ke5 38. Ng2 g5 39. Ne3 h5 40. Nc4+ Ke6 1/2-1/2